00435nam a2200145Ia 4500008004100000020001800041041000800059082001800067100003800085245008200123250000600205260004100211300001200252650002500264210716s2018 xx 000 0 und d a9788126573370 aeng a658.4012 ANGD aAngwin, Duncan;Cummings, Stephen. aEssentials of strategy: the strategy pathfinder core concepts and live cases. a3 aNew DelhibWiley India Pvt Ltdc2018 axxi,440 aStrategic Management